ბათუმის შოთა რუსთაველის სახელმწიფო უნივერსიტეტის ბიბლიოთეკა

Жизнь древнего Рима : (ბიბ.ჩანაწერი № 60814)

000 -LEADER
fixed length control field 00583nam a22001457a 4500
005 - DATE AND TIME OF LATEST TRANSACTION
control field 20231024171636.0
008 - FIXED-LENGTH DATA ELEMENTS--GENERAL INFORMATION
fixed length control field 231024s1964 ru ||||| |||| 00| 0 rus d
080 ## - UNIVERSAL DECIMAL CLASSIFICATION NUMBER
Universal Decimal Classification number 908(37)+94(37)+008(37)+39(=071) C-32
100 ## - MAIN ENTRY--PERSONAL NAME
Personal name Сергеенко, M. E.
9 (RLIN) 20230
245 ## - TITLE STATEMENT
Title Жизнь древнего Рима :
Remainder of title Очерки быта /
Statement of responsibility, etc. Мария Ефимовна Сергеенко.
264 ## - PRODUCTION, PUBLICATION, DISTRIBUTION, MANUFACTURE, AND COPYRIGHT NOTICE
Place of production, publication, distribution, manufacture Москва-Ленинград :
Name of producer, publisher, distributor, manufacturer Наука,
Date of production, publication, distribution, manufacture, or copyright notice 1964.
300 ## - PHYSICAL DESCRIPTION
Extent 336 стр.:
Other physical details ил. ;
Dimensions 22 см.
653 ## - INDEX TERM--UNCONTROLLED
keyword ძველი რომის ცხოვრება
942 ## - ADDED ENTRY ELEMENTS (KOHA)
Source of classification or shelving scheme
Koha item type წიგნი
ეგზემპლარები
Withdrawn status Lost status Source of classification or shelving scheme Damaged status Not for loan Permanent Location Current Location Shelving location Date acquired Cost, normal purchase price Full call number Barcode Date last seen Copy number Uniform Resource Identifier Price effective from Koha item type Public note
          ბათუმის შოთა რუსთაველის სახელმწიფო უნივერსიტეტის მთავარი ბიბლიოთეკა ბათუმის შოთა რუსთაველის სახელმწიფო უნივერსიტეტის მთავარი ბიბლიოთეკა წიგნსაცავი 2023-10-24 8.00 908(37)+94(37)+008(37)+39(=071) C-32 65398 2023-10-24 65398 ბსუ-ს საპატიო დოქტორის გურამ ლორთქიფანიძის საჩუქარი 2023-10-24 წიგნი 8 ლ.